| 000 | 00663nam a22002177a 4500 | ||
|---|---|---|---|
| 005 | 20170124110140.0 | ||
| 010 | _aA-370907 | ||
| 020 | _c30.00 | ||
| 035 | _aA-370907 | ||
| 037 | _bCen Lib/Ret | ||
| 040 |
_aDPL _bEN |
||
| 082 |
_a621.8 _bJAI |
||
| 100 |
_aJain, K.C. _932686 |
||
| 245 |
_aIndustrial engineering mangement science : _cby K.C.Jain _bgeneral mechanical engineering / |
||
| 260 |
_bKhanna Publishers _aDelhi |
||
| 270 |
_a2-B, Nath Market, Nai Sarak _bDelhi _e110006 |
||
| 300 |
_a485p. _c21cm(Hb) |
||
| 650 |
_aProduction planning and control _932687 |
||
| 650 |
_aFluid engineering _932688 |
||
| 942 |
_2ddc _cEN _h621.8 _mJAI |
||
| 999 |
_c131759 _d131759 |
||